[Event "Oberpfalz-ch M3"]
[Site "Regensburg"]
[Date "2004.04.06"]
[Round "8.11"]
[White "Schwarzfischer, Bernhard"]
[Black "Eder, August"]
[Result "0-1"]
[WhiteElo "1265"]
[BlackElo "1420"]
[PlyCount "83"]
[EventDate "2004.04.03"]
[EventType "swiss"]
[EventRounds "8"]
[EventCountry "GER"]
[SourceTitle "EXT 2022"]
[Source "ChessBase"]
[SourceDate "2021.10.06"]
[SourceVersion "1"]
[SourceVersionDate "2021.10.06"]
[SourceQuality "1"]

1. d4 d5 2. Nf3 Nf6 3. Bg5 e6 4. e3 h6 5. Bh4 Be7 6. Bd3 Nbd7 7. c3 0-0 8. Nbd2 c5 9. 0-0 c4 10. Bc2 Nh7 11. Bg3 Ndf6 12. Re1 Nh5 13. Qb1 Nxg3 14. Bxh7+ Kh8 15. fxg3 g6 16. Bxg6 fxg6 17. Qxg6 Rf6 18. Qh5 Qf8 19. Ne5 Qg7 20. Rf1 Kh7 21. Rxf6 Bxf6 22. Ndf3 Bg5 23. Nxg5+ Qxg5 24. Qf7+ Qg7 25. Qf3 Bd7 26. Nxd7 Qxd7 27. Rf1 Rg8 28. e4 Rg6 29. exd5 exd5 30. Qf7+ Rg7 31. Qf5+ Kg8 32. g4 Qd6 33. Re1 Qd7 34. Re5 Qxf5 35. gxf5 Rd7 36. g4 Kf7 37. Kg2 Re7 38. Kf3 Rxe5 39. dxe5 b5 40. h4 b4 41. Ke3 a5 42. cxb4 0-1